| 000 | 00742nam a22002177a 4500 | ||
|---|---|---|---|
| 999 |
_c9499 _d9499 |
||
| 003 | AR-CdUCM | ||
| 008 | 190328b ||||| |||| 00| 0 sap d | ||
| 040 |
_aMUNICIPALIDAD PROVINCIAL DEL CUSCO _cBIBLIOTECA MUNICIPAL DEL CUSCO |
||
| 041 | _heng | ||
| 082 |
_a973 / _bV28 / 1944 |
||
| 100 |
_aVan Loon, Hendrik Willem _914178 |
||
| 245 |
_aLos Estados Unidos : _bhistoria de la gran república del norte / |
||
| 260 |
_aBuenos Aires : _bClaridad, _c1944. |
||
| 300 |
_a400 páginas ; _bláminas a color y b/n ; _c23 cm. |
||
| 440 |
_aBiblioteca la tierra y el hombre. _nvolumen 2 _925734 |
||
| 650 |
_aHistoria _9136 |
||
| 650 |
_aEstados Unidos _91805 |
||
| 700 |
_aGracián, Tomás (traductor) _925735 |
||
| 942 |
_2ddc _cLIBROS |
||
| 945 | _azta | ||